| 000 | 00497nam a22001937a 4500 | ||
|---|---|---|---|
| 005 | 20251024164353.0 | ||
| 008 | 251024b |||||||| |||| 00| 0 eng d | ||
| 037 | _cTB | ||
| 040 |
_aAL _cAL |
||
| 041 |
_2ENG _aENG |
||
| 084 | _bAL | ||
| 100 |
_aNaipaul, V.S. _9849542 |
||
| 245 | _aMystic masseur | ||
| 260 |
_aOxford, US: _bHeienamann Edu. Pub., _c1971. |
||
| 300 | _a214p. | ||
| 365 |
_b4.99 _cPD |
||
| 942 |
_2CC _cTB _n0 |
||
| 999 |
_c1465058 _d1465058 |
||